000 00349nam a2200133Ia 4500
008 100328s9999 xx 000 0 und d
082 _b73089
100 _aनाईक गुरुनाथ.
245 _aसुंदरी
260 _bनंदादीप.
630 _aसुंदरी
730 _aसुंदरी
942 _cBOOK
999 _c558810
_d558807